书目信息 |
| 题名: |
战国竹书与先秦礼学研究
|
|
| 作者: | 曹建墩 著 | |
| 分册: | ||
| 出版信息: | 北京 人民出版社 2018 |
|
| 页数: | 322页 | |
| 开本: | 24cm | |
| 丛书名: | ||
| 单 册: | ||
| 中图分类: | K877.54 , K892.97 | |
| 科图分类: | ||
| 主题词: | 竹简文--研究--中国--战国时代 , 礼仪--研究--中国--先秦时代 | |
| 电子资源: | ||
| ISBN: | 978-7-01-019472-1 | |
| 000 | 01330nam0 2200265 4545 | |
| 001 | 012001010665 | |
| 005 | 20131102155131.0 | |
| 010 | @a978-7-01-019472-1@dCNY59.00 | |
| 100 | @a20181016d2018 em y0chiy50 ea | |
| 101 | 0 | @achi |
| 102 | @aCN@b110000 | |
| 105 | @ay z 000yy | |
| 106 | @ar | |
| 200 | 1 | @a战国竹书与先秦礼学研究@9zhan guo zhu shu yu xian qin li xue yan jiu@b专著@f曹建墩著 |
| 210 | @a北京@c人民出版社@d2018 | |
| 215 | @a322页@d24cm | |
| 300 | @a黄河文明传承与现代文明建设河南省协同创新中心资助出版 国家社科基金重大项目“《仪礼》复原与当代日常礼仪重建研究”阶段性成果 | |
| 330 | @a本书系统研究了战国竹书所反映的礼仪制度及儒家礼学思想。作者综考证与义理于一体,既注重综合运用古文字、文献学的研究方法对战国竹书中的容礼、飨礼、饮至礼、曲礼等礼仪制度作深入考证,又注重对儒家礼论的思想史阐释和儒家礼学发展脉络的学术史考察。本书结合传世文献,诠释了郭店简、上博简以及清华简中的儒家礼乐思想,对儒家礼与人性、人情、外物之间的关系作了阐述,并在此基础上论述了战国时期儒家礼学思想的演进脉络与儒家礼学思想的转向,并对儒门分化之后不同派别礼学的异同作了详细的考察。 | |
| 606 | 0 | @a竹简文@x研究@y中国@z战国时代 |
| 606 | 0 | @a礼仪@x研究@y中国@z先秦时代 |
| 690 | @aK877.54@v5 | |
| 690 | @aK892.97@v5 | |
| 701 | 0 | @a曹建墩@9cao jian dun@f(1975-)@4著 |
| 801 | 2 | @aCN@b上海新华@c20191020 |
| 905 | @b1182226-9@dK877.54@e462@f4 | |
| 战国竹书与先秦礼学研究/曹建墩著.-北京:人民出版社,2018 |
| 322页;24cm |
| 黄河文明传承与现代文明建设河南省协同创新中心资助出版 国家社科基金重大项目“《仪礼》复原与当代日常礼仪重建研究”阶段性成果 |
| ISBN 978-7-01-019472-1:CNY59.00 |
| 本书系统研究了战国竹书所反映的礼仪制度及儒家礼学思想。作者综考证与义理于一体,既注重综合运用古文字、文献学的研究方法对战国竹书中的容礼、飨礼、饮至礼、曲礼等礼仪制度作深入考证,又注重对儒家礼论的思想史阐释和儒家礼学发展脉络的学术史考察。本书结合传世文献,诠释了郭店简、上博简以及清华简中的儒家礼乐思想,对儒家礼与人性、人情、外物之间的关系作了阐述,并在此基础上论述了战国时期儒家礼学思想的演进脉络与儒家礼学思想的转向,并对儒门分化之后不同派别礼学的异同作了详细的考察。 |
| ● |
| 相关链接 |
|
|
|
|
正题名:战国竹书与先秦礼学研究
索取号:K877.54/462
 
预约/预借
| 序号 | 登录号 | 条形码 | 馆藏地/架位号 | 状态 | 备注 |
| 1 | 1182226 | 211822269 | 第二样本阅览室/ [索取号:K877.54/462] | 在馆 | |
| 2 | 1182227 | 211822278 | 第二借阅区/ [索取号:K877.54/462] | 在馆 | |
| 3 | 1182228 | 211822287 | 第二借阅区/ [索取号:K877.54/462] | 在馆 | |
| 4 | 1182229 | 211822296 | 第二借阅区/ [索取号:K877.54/462] | 在馆 |